| 000 | 00640nam a22001817a 4500 | ||
|---|---|---|---|
| 005 | 20210831091943.0 | ||
| 008 | 210706b mx||||| |||| 00| 0 spa d | ||
| 020 | _a9686719180 | ||
| 050 | 0 | 4 |
_aF1228 _bR43 1998 |
| 245 | 1 | 0 |
_a Reconstruir la soberanía : _bMéxico en la globalización / _cJulieta Campos...[et al.] ; coordinador Luis González Souza |
| 250 | _aprimera edición | ||
| 260 |
_aMéxico : _bLa jornada ediciones, _c1998 |
||
| 300 |
_a190 p. ; _c22 cm. |
||
| 490 | 0 | _aColección Historia y sociedad | |
| 651 | 4 |
_aMéxico _vRelaciones exteriores _xSiglo XX. |
|
| 700 | 1 |
_aAlbina Garavito,Rosa, _eautor |
|
| 942 |
_2lcc _cLIB |
||
| 999 |
_c156828 _d156826 |
||